Marqueurs d'essais en finale de Coupe d'Europe de rugby à XV. - Statistiques

Statistiques générales
  • Ce quiz a été pris 160 fois
    26 depuis la dernière actualisation
  • Le résultat moyen est 10 sur 75
Statistiques - réponses
Joueur % Correct
Damian Penaud
91%
Matthis Lebel
74%
Jonathan Danty
48%
Arthur Retière
43%
Georges-Henri Colombe
39%
Vincent Clerc
35%
Jonathan Sexton
35%
Juan Cruz Mallia
30%
Juan Smith
30%
Mathieu Bastareaud
30%
Delon Armitage
30%
Ulupano Seuteni
26%
Pierre Bourgarit
26%
Wesley Fofana
26%
Dan Sheehan
26%
Juan Imhoff
22%
Raymond Rhule
22%
Matt Giteau
22%
Josh van der Flier
22%
Tawera Kerr-Barlow
17%
Drew Mitchell
17%
Napolioni Nalaga
17%
Chris Ashton
17%
Nick Abendanon
17%
Nick Abendanon
17%
Adam Coleman
13%
Cyril Cazeaux
13%
Raphaël Ibañez
13%
Harry Williams
13%
Henry Slade
13%
Sam Simmonds
13%
Camille Chat
9%
Thomas Castaignède
9%
Yves Donguy
9%
Jimmy O'Brien
9%
Sean O'Brien
9%
Simon Zebo
9%
Alex Goode
9%
Sean Maitland
4%
Brock James
4%
Gérald Fabre
4%
Sébastien Viars
4%
Cian Healy
4%
Alex Coles
4%
Austin Healey
4%
Ben Woods
4%
Billy Vunipola
4%
Luke Cowan-Dickie
4%
Nathan Hines
0%
Trevor Halstead
0%
Karmichael Hunt
0%
Sireli Bobo
0%
Rob Howley
0%
Jérôme Cazalbou
0%
Pascal Bomati
0%
Rémi Lamerat
0%
Sébastien Carrat
0%
Daniel Tuohy
0%
David Wallace
0%
Denis Leamy
0%
Eoin Reddan
0%
Geordan Murphy
0%
Jamie Heaslip
0%
Peter Stringer
0%
Tadhg Furlong
0%
Ben Foden
0%
Dylan Hartley
0%
George Kruis
0%
Jonathan Callard
0%
Leon Lloyd
0%
Mark van Gisbergen
0%
Neil Back
0%
Phil Dowson
0%
Stuart Abbott
0%
Yann Delaigue
0%
Aucun quiz correspondant
Distribution des résultats
% des personnes avec chaque résultat
Percentile par nombre de réponses
Votre historique - résultats
Vous n’avez pas pris ce quiz depuis la dernière actualisation